[Event "Davos Ski op"]
[Site "Davos"]
[Date "2023.12.16"]
[Round "3"]
[White "Piacquadio, Riccardo Daniele"]
[Black "Stepanians, Markus"]
[Result "1-0"]
[WhiteElo "1450"]
[BlackElo "1666"]
[PlyCount "107"]
[EventDate "2023.12.15"]
[EventType "swiss"]
[EventRounds "5"]
[EventCountry "SUI"]
[SourceTitle "CB51_2023"]
[SourceDate "2023.12.20"]
[SourceVersion "1"]
[SourceVersionDate "2023.12.20"]
[SourceQuality "1"]

1. d4 e6 2. c4 f5 3. Nc3 Nf6 4. Nf3 d6 5. Bg5 Be7 6. e3 0-0 7. Be2 Ne4 8. Bxe7 Qxe7 9. Qc2 d5 10. cxd5 Nxc3 11. Qxc3 exd5 12. 0-0 c6 13. Ne5 Nd7 14. f4 Nf6 15. Bf3 Bd7 16. b4 Be8 17. a4 Bh5 18. Qc5 Qe8 19. Bxh5 Qxh5 20. Qe7 Rae8 21. Qxb7 Rb8 22. Qe7 Qe2 23. Rfe1 Qd2 24. Rad1 Qc2 25. Qe6+ Kh8 26. Qxc6 Rfc8 27. Qxc2 Rxc2 28. Rc1 Ra2 29. a5 h5 30. Nc6 Rb7 31. Kf1 Ne4 32. Rb1 Nd2+ 33. Kg1 Nxb1 34. Rxb1 Rc2 35. Ne5 a6 36. Rb3 Kg8 37. Nd3 Rc4 38. Kf2 Kf8 39. Kg3 Ke7 40. Kf3 Kd6 41. Kf2 Rc2+ 42. Kf3 Rc4 43. Kg3 Rc2 44. Kf3 Ra2 45. Kg3 Rxa5 46. Nc5 Rxc5 47. bxc5+ Kc6 48. Rxb7 Kxb7 49. Kf3 Kc6 50. Ke2 a5 51. Kd2 Kb5 52. Kc2 h4 53. h3 g6 54. Kb3 1-0

[Event "Davos Ski op"]
[Site "Davos"]
[Date "2023.12.15"]
[Round "1"]
[White "Piacquadio, Riccardo Daniele"]
[Black "Walti, Rolf"]
[Result "1/2-1/2"]
[WhiteElo "1450"]
[BlackElo "2009"]
[PlyCount "83"]
[EventDate "2023.12.15"]
[EventType "swiss"]
[EventRounds "5"]
[EventCountry "SUI"]
[SourceTitle "CB51_2023"]
[SourceDate "2023.12.20"]
[SourceVersion "1"]
[SourceVersionDate "2023.12.20"]
[SourceQuality "1"]

1. d4 Nf6 2. c4 e6 3. Nc3 Bb4 4. e3 b6 5. Nge2 Bb7 6. a3 Be7 7. Ng3 h5 8. d5 h4 9. Nge2 e5 10. h3 a5 11. b3 Na6 12. Bb2 Nc5 13. Nb1 Bd6 14. Nec3 Qe7 15. Nb5 0-0 16. N1c3 Rfc8 17. Be2 Ne8 18. Nxd6 Nxd6 19. Bd3 c6 20. Bc2 Qg5 21. Qg4 Qxg4 22. hxg4 cxd5 23. Nxd5 Bxd5 24. cxd5 f6 25. Ke2 g5 26. Rac1 Nce4 27. Rhd1 Kf7 28. f3 Ng3+ 29. Kf2 Ke7 30. e4 Rc5 31. Bd3 Rac8 32. Rxc5 Rxc5 33. Rc1 Rxc1 34. Bxc1 Kd8 35. Be3 Kc7 36. Bc4 Nc8 37. Bd3 Ne7 38. Bb5 Nc8 39. Ba6 Nd6 40. Bd3 Nh1+ 41. Kg1 Ng3 42. Kf2 1/2-1/2

[Event "NOR-chT Clubs"]
[Site "Drammen"]
[Date "2022.05.26"]
[Round "4"]
[White "Burchard, Ingar Berg"]
[Black "Piacquadio, Riccardo Daniele"]
[Result "1/2-1/2"]
[WhiteElo "1683"]
[BlackElo "1199"]
[PlyCount "71"]
[EventDate "2022.05.26"]
[EventType "team-swiss"]
[EventRounds "6"]
[EventCountry "NOR"]
[SourceTitle "EXT 2024"]
[Source "ChessBase"]
[SourceDate "2023.10.10"]
[SourceVersion "1"]
[SourceVersionDate "2023.10.10"]
[SourceQuality "1"]
[WhiteTeam "Mosjoen"]
[BlackTeam "Dragen"]
[WhiteTeamCountry "NOR"]
[BlackTeamCountry "NOR"]

1. e4 e6 2. d4 d5 3. exd5 exd5 4. Bd3 Bd6 5. Nf3 Nf6 6. h3 Be6 7. 0-0 0-0 8. Re1 Nbd7 9. Ne5 c6 10. Bg5 Qc7 11. Nxd7 Nxd7 12. Qh5 g6 13. Qh4 Rfe8 14. Nd2 Bf8 15. Nf3 Bg7 16. Bf4 Qd8 17. Qxd8 Raxd8 18. Re2 Nf6 19. Rae1 Bd7 20. c3 Rxe2 21. Rxe2 Re8 22. Kf1 Ne4 23. Nd2 Bf5 24. Nxe4 Bxe4 25. Ke1 Re6 26. Bxe4 Rxe4 27. Bc1 f5 28. f3 Rxe2+ 29. Kxe2 Kf7 30. Kd3 Ke6 31. g3 Bf6 32. h4 h5 33. f4 Be7 34. Be3 a6 35. a3 Bd6 36. b4 1/2-1/2

[Event "NOR-chT Clubs"]
[Site "Drammen"]
[Date "2022.05.26"]
[Round "3"]
[White "Piacquadio, Riccardo Daniele"]
[Black "Borresen, Jon"]
[Result "0-1"]
[WhiteElo "1199"]
[BlackElo "1857"]
[PlyCount "52"]
[EventDate "2022.05.26"]
[EventType "team-swiss"]
[EventRounds "6"]
[EventCountry "NOR"]
[SourceTitle "EXT 2024"]
[Source "ChessBase"]
[SourceDate "2023.10.10"]
[SourceVersion "1"]
[SourceVersionDate "2023.10.10"]
[SourceQuality "1"]
[WhiteTeam "Dragen"]
[BlackTeam "Oslo SS Bredde"]
[WhiteTeamCountry "NOR"]
[BlackTeamCountry "NOR"]

1. c4 Nf6 2. Nc3 g6 3. d4 d5 4. cxd5 Nxd5 5. Bd2 Bg7 6. e4 Nf6 7. Nf3 0-0 8. Bc4 Bg4 9. Be3 Nc6 10. Be2 Ne8 11. d5 Ne5 12. Nxe5 Bxe2 13. Qxe2 Bxe5 14. 0-0 Nd6 15. Bh6 Re8 16. Rfd1 e6 17. Qc2 Qh4 18. f4 Bxf4 19. Bxf4 Qxf4 20. Rf1 Qg5 21. Rae1 Rac8 22. b3 e5 23. Rf3 f5 24. exf5 Nxf5 25. Qd3 Qh4 26. Ref1 e4 0-1